000
00324cam a2200133ua 4500
041
_a
eng
_h
082
_a
823.301
_b
OXF/SE
100
_a
Oxford university , .
245
_a
228 selected english short stories
260
_a
:
_b
Oxford university press ,
_c
1963.
300
_a
470 ; .
504
_a
999
_c
11668
_d
11668